[Event "ChessHouse GM December 2020"]
[Site "Aarhus"]
[Date "2020.11.29"]
[Round "1.1"]
[White "Thybo, Jesper Sondergaard"]
[Black "Grigorian, Spartak"]
[Result "1-0"]
[WhiteElo "2565"]
[BlackElo "2433"]
[Annotator "TA"]
[PlyCount "55"]
[EventDate "2020.11.29"]
[EventType "tourn"]
[EventCountry "DEN"]
[SourceTitle "playchess.com"]
[Source "ChessBase"]
[SourceQuality "1"]

{[%evp 9,55,4,7,7,10,5,54,58,58,62,69,68,90,86,93,84,135,125,103,97,139,147,179,186,207,121,348,341,343,342,340,111,329,333,327,337,341,343,345,342,334,343,336,339,339,342,362,362]} 1. c4 e6 2. Nf3 Nf6 3. Nc3 d5 4. e3 b6 5. b3 Bb7 6. Bb2 {A17: English Opening: 1...Nf6 with ...Bb4.} a6 7. g3 c5 {[#]} 8. cxd5 $146 {White is slightly better.} ({Predecessor:} 8. Bg2 dxc4 9. bxc4 Be7 10. O-O O-O 11. Qe2 Qc7 12. d4 cxd4 13. exd4 Rc8 14. d5 Qxc4 15. dxe6 fxe6 16. Qxc4 Rxc4 {½-½ (53) Eraschenkov,D (2386)-Rathneesh,R (2006) Bhopal 2019}) 8... Nxd5 9. Nxd5 Qxd5 10. Bg2 $1 Nc6 11. O-O Qd7 12. Rc1 Rd8 {[#]} (12... f6 $142) 13. d4 $1 $16 f6 14. Qe2 Bd6 15. Rfd1 cxd4 16. Bxd4 ({Don't take} 16. exd4 O-O $16) ({Don't do} 16. Nxd4 $6 Nxd4 17. Rxd4 (17. Bxd4 Bxg2 18. Kxg2 e5 $14) 17... Bxg2 $14) 16... Qc7 17. Bb2 (17. Ne1 $18) 17... Qe7 $2 (17... O-O $16) 18. Nh4 $18 Na5 19. Qh5+ Qf7 {[#]} 20. Qxf7+ $1 Kxf7 {[#]} 21. Rxd6 $1 {[%mdl 512]} Rxd6 22. Rc7+ Ke8 {Threatens to win with ...Rd1+.} 23. Bxb7 Rd7 24. Rc8+ Rd8 25. Rxd8+ ({Resist} 25. Bxa6 Rxc8 26. Bxc8 Kf7) 25... Kxd8 26. Bxa6 Kc7 27. Kf1 Nc6 28. Bc4 {Weighted Error Value: White=0.05/Black=0.23} 1-0

[Event "ChessHouse GM December 2020"]
[Site "Aarhus"]
[Date "2020.11.29"]
[Round "1.2"]
[White "Bjerre, Jonas Buhl"]
[Black "Heimisson, Hilmir Freyr"]
[Result "1-0"]
[WhiteElo "2551"]
[BlackElo "2318"]
[Annotator "TA"]
[PlyCount "81"]
[EventDate "2020.11.29"]
[EventType "tourn"]
[EventCountry "DEN"]
[SourceTitle "playchess.com"]
[Source "ChessBase"]
[SourceQuality "1"]

{[%evp 21,81,12,13,2,2,2,2,6,6,0,13,0,0,0,22,0,23,0,22,17,39,51,104,107,160,162,165,163,159,165,219,225,223,221,553,553,592,588,587,571,651,666,734,738,931,907,893,875,833,777,735,726,846,810,850,842,1067,1019,5018,5010,29991,29992]} 1. d4 Nf6 2. c4 e6 3. Nf3 d5 4. g3 Be7 5. Bg2 O-O 6. Nc3 dxc4 7. Ne5 Nc6 8. Bxc6 bxc6 9. Nxc6 Qe8 10. Nxe7+ Qxe7 11. Qa4 c5 12. dxc5 $1 {12.dxc5 scores better than 12.Qxc4. E06: Closed Catalan: Early deviations.} Qxc5 13. Be3 Qc7 14. f3 {The position is equal.} Nd5 15. Bd4 Rd8 {[#]} 16. Nxd5 $146 ({Predecessor:} 16. O-O Bd7 17. Qa3 a5 18. Rac1 Nb4 19. Bf2 h6 20. Ne4 Bb5 21. b3 Qe5 22. bxc4 {½-½ (39) Sferle,M (2509)-Stalmach,K (2556) ICCF email 2015}) 16... exd5 17. Rd1 Bh3 18. Kf2 Re8 19. Rd2 h5 20. Qa3 Re6 21. Qc5 Qd7 {[#] Black is on the road to losing.} (21... Qc6 $14) 22. Bc3 $1 $16 Rae8 (22... Rd8 $142) 23. e4 Rd6 24. Rhd1 {[%cal Rd2d5]} Rc8 25. Qe3 $40 {[%cal Rd2d5][%mdl 128] White is out for blood.} Be6 {[#]} (25... f6 {might work better.} 26. Rxd5 Rxd5 27. Rxd5 Qf7) 26. Qg5 $1 $18 {[%csl Gc3][%cal Rg5g7][%mdl 512]} f6 27. Bxf6 $1 ({Much less strong is} 27. Qxh5 $6 Bf7 $16) 27... Rf8 $2 (27... Re8 {is tougher.} 28. Kg1 (28. exd5 Bf5 $18) 28... Qf7) 28. Be7 {[%mdl 64] Double Attack} Rf7 29. Bxd6 Qxd6 30. Kg2 Qd7 31. Qxh5 Qa4 32. exd5 Bf5 33. d6 Bd7 34. Re1 {Black must now prevent Re7.} Bc6 35. Rf2 Qb4 36. Qe5 Qb7 37. Re3 Qb6 38. Rc3 Rf6 39. Rxc4 Rxd6 {[#]} 40. Rg4 $1 {[%csl Gg4][%cal Re5g7]} g6 41. Rh4 {Weighted Error Value: White=0.03/Black=0.38} 1-0

[Event "ChessHouse GM December 2020"]
[Site "Aarhus"]
[Date "2020.11.29"]
[Round "1.3"]
[White "Ramsdal, Jens Albert"]
[Black "Danielsen, Henrik"]
[Result "1-0"]
[WhiteElo "2292"]
[BlackElo "2517"]
[Annotator "TA"]
[PlyCount "71"]
[EventDate "2020.11.29"]
[EventType "tourn"]
[EventCountry "DEN"]
[SourceTitle "playchess.com"]
[Source "ChessBase"]
[SourceQuality "1"]

{[%evp 9,71,-12,-12,-20,-2,-9,4,-20,2,-40,-10,-5,0,0,0,0,0,-8,0,0,0,0,16,0,20,-85,-11,-118,-126,-122,-116,-143,-124,-195,-195,-195,-195,-195,-196,-199,-125,-125,-70,-125,-125,-125,-125,-125,-125,-158,-156,-163,-49,-43,0,0,0,-125,-134,-328,-221,-262,-200,-217]} 1. e4 e5 2. Nf3 Nf6 3. Nc3 Bb4 4. a3 Bxc3 5. dxc3 d6 6. Bc4 {C42: Petroff Defence: 3 Nxe5 and unusual White 3rd moves.} Be6 (6... Nbd7 {looks sharper.} 7. Be3 O-O 8. Bd3 h6 9. O-O Re8) 7. Qe2 O-O 8. Bg5 {The position is equal.} Nbd7 9. O-O-O {[#]} Qe8 $146 ({Predecessor:} 9... a6 10. Kb1 b5 11. Bxe6 fxe6 12. c4 Qb8 13. Nd2 Nc5 14. f3 b4 15. Qe3 Nfd7 {1-0 (60) Rujevic,M (2253)-Dale,A (2161) Melbourne 2012}) 10. Nd2 a6 11. f3 b5 12. Bb3 Rb8 13. h4 a5 14. h5 h6 15. Be3 $1 a4 16. Bxe6 Qxe6 17. g4 (17. Kb1 $11 {was the only way to keep the balance.}) 17... Nh7 (17... Qa2 $17 {...c5 is the strong threat.} 18. Qg2 Kh8) 18. Nb1 (18. Kb1 $11) 18... Nb6 $17 19. Bxb6 Rxb6 20. Qd3 Ng5 21. Rhf1 (21. Rdf1 $17 {keeps fighting.}) 21... Nh3 $1 $19 22. Qd5 {[#]} Qf6 $1 23. Qd2 Nf4 24. b4 {[#]} Qe6 (24... axb3 $1 $19 25. cxb3 c5) 25. Kb2 $17 c5 (25... Rc8 $17 26. Qf2 Rbb8) 26. Qf2 (26. bxc5 $1 $15 dxc5 27. Qd7) 26... Rc8 27. Rd2 Rbc6 {[%cal Bb6c6,Bc6c3,Bc3f3][%mdl 32]} 28. Rfd1 cxb4 29. axb4 Qe7 30. Qf1 Qc7 (30... Rb6 $19 31. Qe1 Qc7) 31. Qxb5 $15 a3+ 32. Nxa3 Rxc3 (32... Rb6 $5 33. Qc4 $8 Rc6 $11) 33. Qa4 (33. Qa5 $11 Qc6 34. Rxd6 Rxc2+ {[%mdl 64] Decoy} 35. Nxc2 Qc3+ 36. Ka2 Qxc2+ 37. Ka1) 33... Rxf3 $17 34. c4 $2 (34. Nb5 $17 Qc6 35. Rxd6) 34... Rb8 {Strongly threatening ...Qb7.} 35. b5 Ne6 {Threatens to win with ...Nc5!} 36. Rxd6 {[%mdl 32768] Weighted Error Value: White=0.36/Black=0.23. Loss on time!?} 1-0

[Event "ChessHouse GM December 2020"]
[Site "Aarhus"]
[Date "2020.11.29"]
[Round "1.4"]
[White "Georgescu, Lena"]
[Black "Nilssen, Ellen Fredericia"]
[Result "1/2-1/2"]
[WhiteElo "2278"]
[BlackElo "2174"]
[Annotator "TA"]
[PlyCount "63"]
[EventDate "2020.11.29"]
[EventType "tourn"]
[EventCountry "DEN"]
[SourceTitle "playchess.com"]
[Source "ChessBase"]
[SourceQuality "1"]

{[%evp 16,63,0,-8,0,-2,0,-16,22,13,39,10,52,-55,-57,-43,-41,-64,-67,-94,-39,-31,-39,-73,-5,-7,0,0,0,0,0,-29,0,-2,-8,-83,-66,-97,-86,-95,-106,-99,-25,-39,-54,-56,0,0,0,-77]} 1. e4 e6 2. d4 d5 3. Nc3 Bb4 4. e5 c5 5. Bd2 Ne7 6. a3 Bxc3 7. Bxc3 b6 {7...Nbc6 is not played anymore.} 8. Bb5+ Bd7 9. Bd3 Nbc6 {C17: French: 3 Nc3 Bb4 4 e5 c5 sidelines.} 10. Nf3 Qb8 11. O-O {[#]} a5 $146 ({Predecessor:} 11... cxd4 12. Nxd4 Nxe5 13. f4 Nxd3 14. Qxd3 O-O 15. Rae1 Re8 16. Qg3 f6 17. Re3 Ng6 {½-½ (79) Malakhov,I (2456)-Ovchinnikov,V (2263) St Petersburg 2016}) 12. Re1 Bc8 13. Ng5 {Hoping for Qh5.} h6 14. Nh3 (14. Qh5 $14 O-O 15. Bh7+ Kh8 16. Bd3) 14... cxd4 15. Bd2 Ba6 ({Don't blunder} 15... Nxe5 $2 16. Bf4 $18) 16. Bxa6 Rxa6 17. Nf4 g6 ({Worse is} 17... Nxe5 18. Qh5 $14) (17... O-O $17) 18. Nd3 Ra7 19. b4 axb4 (19... Nf5 $17) 20. axb4 $11 Kf8 21. b5 Na5 22. Qf3 Kg8 23. Qf6 Nf5 (23... Nc4 $5 {[%cal Rc4d2]} 24. Bb4 Nf5 $11) 24. g4 Ng7 25. Reb1 (25. Bxa5 $11 bxa5 26. Reb1) 25... Nc4 $17 26. Bc1 Qa8 27. Rxa7 Qxa7 28. Nb4 {[#]} Qa4 ({Black should play} 28... Ne8 $1 $17 {[%cal Re8f6]} 29. Qf4 Qa4 30. Qxd4 Qxb5) 29. Qd8+ $1 $11 Kh7 30. Qf6 $1 {With the idea Bxh6!} Kg8 {...d3 is the strong threat.} 31. Qd8+ $1 Kh7 32. Qf6 $1 {Weighted Error Value: White=0.21/Black=0.21} 1/2-1/2

[Event "ChessHouse GM December 2020"]
[Site "Aarhus"]
[Date "2020.11.29"]
[Round "1.5"]
[White "Haubro, Martin"]
[Black "Olsen, Filip Boe"]
[Result "0-1"]
[WhiteElo "2434"]
[BlackElo "2354"]
[Annotator "TA"]
[PlyCount "100"]
[EventDate "2020.11.29"]
[EventType "tourn"]
[EventCountry "DEN"]
[SourceTitle "playchess.com"]
[Source "ChessBase"]
[SourceQuality "1"]

{[%evp 9,100,5,18,12,8,0,58,0,16,8,8,18,23,28,32,-14,-14,-10,0,-43,0,0,-7,-27,-24,-32,-34,-38,-3,-3,-3,-4,-3,-3,-4,-4,0,0,0,0,0,0,0,0,0,0,0,-26,-18,-30,-22,-26,-28,-29,-22,-29,-31,-25,-37,-72,-72,-88,-88,-87,-87,-87,-87,-81,-18,-8,0,0,0,-8,0,0,0,0,0,-133,-133,-414,-413,-413,-413,-413,-413,-400,-273,-414,-400,-351,-325]} 1. e4 c6 2. d4 d5 3. e5 Bf5 4. h4 h6 5. g4 Bd7 6. Nc3 {B12: Caro-Kann: Advance Variation.} e6 7. Be3 Qc7 (7... Qb6 $11) 8. Nf3 {White is slightly better. has lost popularity (8.h5).} a6 9. Qd2 c5 10. dxc5 Bxc5 11. Bxc5 Qxc5 {[#]} 12. Qd4 $146 ({Predecessor:} 12. O-O-O Ne7 13. Nd4 Nbc6 14. Nb3 Qb4 15. f4 Na5 16. Kb1 Nxb3 17. axb3 Ng6 18. f5 exf5 {½-½ (33) Darini,P (2442)-Berkes,F (2649) Baku 2014}) 12... Qxd4 13. Nxd4 h5 14. gxh5 Rxh5 15. Be2 Rh6 16. O-O-O Nc6 17. Nxc6 Bxc6 18. Rhg1 g6 19. h5 Ne7 20. hxg6 Nxg6 21. Bd3 $1 Ke7 22. Bxg6 fxg6 23. f4 Rf8 24. Rg4 Rh2 25. Rd2 Rh1+ 26. Rd1 Rh2 27. Rd2 Rh1+ 28. Nd1 Be8 29. c3 {[#]} g5 $1 {[%mdl 512]} 30. Rxg5 (30. fxg5 Bh5) 30... Rxf4 31. Kc2 Rh5 $36 {[%mdl 2048] Black fights for an advantage.} 32. Rdg2 $1 Re4 33. Rxh5 $1 Bxh5 $15 {[%mdl 4096] Endgame KRB-KRN} 34. Rg7+ Kf8 35. Rxb7 {[#]} Re1 $1 36. Rb6 (36. Rb8+ $2 Kf7 $19) 36... Kf7 37. Rxa6 ({Avoid the trap} 37. Rb7+ $2 Kg6 $19) 37... Rxd1 $17 {KRB-KR} 38. b4 Rg1 (38... Be2 $17 39. b5 Rh1) 39. b5 $1 $11 Rg8 40. a4 Be2 41. Kb3 Rc8 42. Ra7+ Kg6 43. b6 Kf5 44. b7 (44. Kb4 $1 $11 {was the only way to keep the balance.}) 44... Rb8 $17 45. Kb4 $2 {[%mdl 8192] White does not recover from this.} (45. a5 $17 Kxe5 46. a6 Bxa6 {[%mdl 64] Remove Defender, Deflection} 47. Rxa6 Rxb7+ 48. Kc2) 45... d4 $19 46. cxd4 {Hoping for a5.} Bf3 47. Kc5 {Black should prevent Kb6.} Bxb7 48. a5 {White hopes to continue with a6.} Bd5 49. Rc7 (49. Rg7 {might work better.}) 49... Ra8 50. Kb6 Ke4 {Weighted Error Value: White=0.18/Black=0.11} 0-1

[Event "ChessHouse GM December 2020"]
[Site "Aarhus"]
[Date "2020.11.29"]
[Round "2.1"]
[White "Thybo, Jesper Sondergaard"]
[Black "Bjerre, Jonas Buhl"]
[Result "1/2-1/2"]
[WhiteElo "2565"]
[BlackElo "2551"]
[Annotator "TA"]
[PlyCount "42"]
[EventDate "2020.11.29"]
[EventType "tourn"]
[EventCountry "DEN"]
[SourceTitle "playchess.com"]
[Source "ChessBase"]
[SourceQuality "1"]

{[%evp 20,42,0,0,0,7,0,0,0,0,0,0,0,0,0,0,0,0,0,0,0,0,0,0,0]} 1. c4 c5 2. Nf3 Nc6 3. Nc3 Nf6 4. g3 d5 5. cxd5 Nxd5 6. Nxd5 Qxd5 7. Bg2 g6 8. O-O Bg7 9. d3 O-O 10. Be3 Bxb2 11. Rb1 {The position is equal.} Bf6 {A38: Symmetrical English vs ...g6: 4 Bg2 Bg7 5 Nf3 Nf6.} ({Not} 11... Qxa2 $2 12. Qd2 $18) 12. Qa4 {With the idea Nd4.} Qd7 13. Bxc5 b6 14. Bxb6 Nd4 15. Qd1 {[#] Threatens to win with Bxd4.} axb6 16. Nxd4 Rxa2 17. Nc6 Qd6 {[#]} 18. Nb4 $5 $146 {[%mdl 8] New and interesting.} ({Predecessor:} 18. d4 Bd7 19. Rxb6 Bxc6 20. Rxc6 Qxd4 21. Qxd4 Bxd4 22. Bf3 {½-½ (22) Pantsulaia,L (2590)-Fier,A (2579) Tbilisi 2014}) 18... Ra5 19. Nc6 Ra2 20. Nb4 Ra5 21. Nc6 Ra2 {Not much happened in this game.  Weighted Error Value: White=0.00/Black=0.00} 1/2-1/2

[Event "ChessHouse GM December 2020"]
[Site "Aarhus"]
[Date "2020.11.29"]
[Round "2.2"]
[White "Heimisson, Hilmir Freyr"]
[Black "Ramsdal, Jens Albert"]
[Result "1-0"]
[WhiteElo "2318"]
[BlackElo "2292"]
[Annotator "TA"]
[PlyCount "153"]
[EventDate "2020.11.29"]
[EventType "tourn"]
[EventCountry "DEN"]
[SourceTitle "playchess.com"]
[Source "ChessBase"]
[SourceQuality "1"]

{[%evp 17,153,10,12,-23,-17,-14,47,45,45,46,49,49,63,52,75,50,50,47,62,53,58,47,68,48,83,22,18,19,25,11,81,80,222,229,250,209,197,203,287,300,360,226,235,240,440,232,231,225,235,236,265,265,258,239,232,167,172,158,139,121,251,245,247,236,443,423,684,679,664,0,422,0,631,323,343,347,332,337,320,298,393,358,401,405,388,386,449,460,437,434,429,423,387,370,412,383,383,377,357,324,723,666,835,739,684,682,1418,1418,4504,3722,2275,2164,4021,4021,3739,2825,2207,1126,1288,2830,2731,3590,5114,4421,5081,4364,29970,29974,29978,29979,29979,29979,29975,29975,29973,29974,29986,29986]} 1. e4 c5 2. Nf3 d6 3. d4 cxd4 4. Qxd4 Nc6 5. Bb5 Bd7 6. Bxc6 Bxc6 7. Nc3 Nf6 8. Bg5 e6 9. O-O-O Be7 10. h4 {B53: Sicilian: 2...d6: Lines with Qxd4.} h6 11. Bxf6 gxf6 {[#]} ({Black should play} 11... Bxf6 $11 12. Qb4 a5 13. Qxd6 Qxd6 14. Rxd6 Bxc3 15. bxc3 Bxe4) 12. Qe3 $146 {White is slightly better.} ({Predecessor:} 12. Qd3 a6 13. Nd4 Bd7 14. f4 b5 15. a3 Qa5 16. Rhe1 Qc7 17. Nf5 Bc8 18. Nxd6+ Bxd6 19. Qxd6 Qxd6 20. Rxd6 Rg8 21. Rg1 {½-½ (21) Toth,T (1957)-Farkas,R (2009) Hungary 2012}) 12... Qa5 13. Nd4 Bd7 14. Kb1 O-O-O 15. Nb3 Qa6 16. Rd4 Kb8 17. Rhd1 Qb6 18. Qe2 h5 19. a3 Rc8 20. R1d3 d5 21. exd5 (21. Re3 $16) 21... e5 $11 22. Re4 $1 {Hoping for d6!} Bf5 23. Qf3 Bxe4 (23... Bg6 $11) 24. Nxe4 $16 Rc4 (24... Qc7 $16 25. Qd1 Qc4) 25. d6 $18 Bd8 {intending ...Qc6.} 26. Nxf6 Qb5 {next ...Rf4 is good for Black.} 27. g3 Rh6 (27... Rc8 $142 28. d7 (28. Nxh5 e4 $11) 28... Rc6) 28. Ne4 (28. Nxh5 $2 e4 $19) 28... Qc6 29. Nbd2 Rxc2 30. Qxf7 {[#] Black must now prevent Qf8.} Rc1+ 31. Ka2 {aiming for Qf8.} Rh8 32. f3 a5 33. Qd5 Re8 34. Qxc6 Rxc6 35. a4 Bb6 36. Kb3 Bd4 37. Nc4 Rec8 38. Ned2 ({Of course not} 38. Nxa5 $6 Rb6+ 39. Ka2 Rxb2+ 40. Ka3 Rb6 $14) 38... Bf2 (38... Rg8 $16 39. Ne4 Rgc8) 39. Nxe5 ({Don't take} 39. d7 $6 Rd8 $16) 39... Rb6+ 40. Ka2 Rd8 $2 (40... Bxg3 {was called for.} 41. Nd7+ Ka7) 41. Ne4 Be1 (41... Bxg3 $142 42. Nxg3 Rdxd6 43. Nxh5 Rxd3) 42. Nf7 Rd7 43. Ne5 Rd8 44. Nf7 (44. b3 $142) 44... Rd7 45. Nc5 Rxf7 46. d7 Rf8 {[#] Threatens to win with ...Rd8.} 47. d8=Q+ Rxd8 48. Rxd8+ {[%mdl 4096] Endgame KRB-KRN} Ka7 49. Rg8 Rc6 50. Nd3 Bd2 51. Kb3 Re6 52. f4 Re3 53. Kc2 Re2 {Black hopes to continue with ...Bxf4+.} 54. Kd1 Rg2 55. Rg5 Kb6 56. Re5 Bb4 57. Nxb4 axb4 58. Rxh5 Rxb2 $2 {KR-KR} (58... Rxg3 59. Rb5+ Kc6) 59. g4 Rh2 60. Rb5+ Kc6 61. h5 {Cut Off at move 61} Rh4 62. g5 Rxf4 63. g6 Rg4 64. Kc2 b3+ 65. Kxb3 Rg3+ 66. Ka2 Rg2+ 67. Ka3 Rg1 68. Rf5 Rg3+ 69. Kb2 Rg4 70. a5 Kd6 71. Kc3 Ke6 72. Rb5 {White mates.} Kf6 73. Rxb7 Rg3+ 74. Kb4 Rg4+ 75. Kb5 Rg5+ 76. Kb6 Rxh5 77. g7 {Weighted Error Value: White=0.43/Black=0.35} 1-0

[Event "ChessHouse GM December 2020"]
[Site "Aarhus"]
[Date "2020.11.29"]
[Round "2.3"]
[White "Danielsen, Henrik"]
[Black "Georgescu, Lena"]
[Result "1-0"]
[WhiteElo "2517"]
[BlackElo "2278"]
[Annotator "TA"]
[PlyCount "77"]
[EventDate "2020.11.29"]
[EventType "tourn"]
[EventCountry "DEN"]
[SourceTitle "playchess.com"]
[Source "ChessBase"]
[SourceQuality "1"]

{[%evp 10,77,18,12,21,10,9,9,18,11,52,60,50,2,22,4,80,80,80,80,67,64,80,80,80,80,80,80,81,63,68,63,79,64,78,63,63,63,80,70,70,67,74,63,64,63,74,63,77,77,64,64,239,212,212,237,235,249,245,249,242,243,250,242,388,365,355,366,904,896]} 1. Nf3 Nf6 2. g3 d5 3. Bg2 c6 4. O-O Bg4 5. d4 e6 6. Nbd2 Be7 {D02: 1 d4 d5 2 Nf3 sidelines, including 2...Nf6 3 g3 and 2...Nf6 3 Bf4.} 7. Re1 O-O 8. e4 Bh5 {The position is equal.} 9. c3 Bg6 {[%cal Rf6e4]} 10. exd5 cxd5 {[#]} 11. Qb3 $146 ({Predecessor:} 11. Ne5 Nc6 12. h4 Bh5 13. Qb3 Nxe5 14. Rxe5 Rb8 15. a4 a6 16. Nf3 b5 17. axb5 axb5 {½-½ (51) Paunovic,D (2556)-Solak,D (2583) Kragujevac 2009}) 11... Qb6 12. Ne5 Nc6 (12... Bf5 $1 $11) 13. Nxg6 hxg6 14. Qxb6 axb6 15. Bf1 Rfc8 16. a3 Ne8 17. Nf3 Nd6 18. Bf4 Nc4 19. Re2 N6a5 20. h4 Nb3 21. Rd1 Bd6 22. Bxd6 Nxd6 23. Ne5 Nc4 24. Nd3 Re8 25. Bh3 Kf8 26. Nf4 Nba5 27. Rde1 Rab8 28. Kg2 Ra8 29. g4 Nc6 30. g5 Nd6 $2 {[#] A mistake that costs the game.} (30... b5 $14) 31. h5 $1 $18 {[%cal Rh5g6]} gxh5 32. g6 Nf5 33. gxf7 Kxf7 34. Nxe6 g6 35. Bxf5 gxf5 36. Nf4 Ne7 (36... Rxe2 {was called for.} 37. Rxe2 Rg8+ 38. Kf3 h4 39. Nxd5 Rg1) 37. Nxh5 Rg8+ 38. Kf1 Ng6 $2 {[#]} (38... Rae8 39. Re5 Rg4) 39. Re6 {Weighted Error Value: White=0.04/Black=0.29} 1-0

[Event "ChessHouse GM December 2020"]
[Site "Aarhus"]
[Date "2020.11.29"]
[Round "2.4"]
[White "Grigorian, Spartak"]
[Black "Olsen, Filip Boe"]
[Result "1-0"]
[WhiteElo "2433"]
[BlackElo "2354"]
[Annotator "TA"]
[PlyCount "79"]
[EventDate "2020.11.29"]
[EventType "tourn"]
[EventCountry "DEN"]
[SourceTitle "playchess.com"]
[Source "ChessBase"]
[SourceQuality "1"]

{[%evp 22,79,11,10,9,6,24,0,14,6,21,6,7,0,21,24,45,53,66,79,85,36,131,145,168,156,187,173,294,273,269,268,272,275,271,271,290,290,314,311,455,446,443,453,472,464,552,464,669,643,635,618,885,845,29968,29969,29965,29966,5800,4827]} 1. d4 d5 2. c4 c6 3. Nc3 Nf6 4. cxd5 cxd5 5. Bf4 Nc6 6. e3 Bf5 7. Qb3 Na5 8. Qa4+ Bd7 9. Qc2 e6 10. Bd3 Rc8 11. Nf3 b5 12. a3 Be7 {D14: Slav Defence: Exchange variation with ...Bf5.} 13. O-O O-O 14. Rac1 a6 {The position is equal.} 15. Qe2 Nc4 16. Ne5 Be8 {[#]} 17. Rfd1 $146 ({Predecessor:} 17. a4 b4 18. Nb1 Bxa4 19. Nxc4 dxc4 20. Bxc4 a5 21. Nd2 Bd7 22. Nf3 a4 23. Ne5 {1-0 (74) De Waele,W (2242)-Marechal,A (2292) Belgium 2019}) 17... Nd6 (17... Nd7 {seems wilder.} 18. Nf3 g5 19. Bg3 f5 20. a4 g4) 18. Bb1 (18. h4 {with more complications.} h6 19. h5 Qb6 20. Rc2 Nc4 21. b3) 18... Nfe4 19. Nxe4 dxe4 20. Ba2 $1 Kh8 21. Qd2 Rxc1 {Black is on the road to losing.} (21... f6 $14) 22. Rxc1 $16 Qb6 {Black wants to play ...f6.} 23. Qc2 g5 {[#]} 24. Bg3 $1 f6 (24... Kg7 {was worth a try.} 25. d5 exd5) 25. Nc6 Bxc6 26. Bxd6 ({Inferior is} 26. Qxc6 Rc8 $11) 26... Bxd6 27. Qxc6 Qxc6 28. Rxc6 $18 {[%mdl 4096] Endgame KRB-KRB} Bb8 29. Bxe6 f5 30. Bxf5 Bxh2+ (30... Rxf5 {is a better defense.} 31. Rc8+ {[%mdl 64] Double Attack} (31. Rxa6 Rd5 $16) 31... Kg7) 31. Kxh2 Rxf5 {KR-KR} 32. Kg1 Rf7 33. Rxa6 Rc7 34. g4 Rc2 (34... b4 $142 35. axb4 Rc4) 35. b4 {[%cal Bb2b4,Bb4b5,Bb5b6][%mdl 32]} Ra2 36. Ra5 h6 37. Rxb5 Rxa3 38. Rb8+ Kg7 39. b5 Rb3 40. b6 {Weighted Error Value: White=0.08/Black=0.66} 1-0

[Event "ChessHouse GM December 2020"]
[Site "Aarhus"]
[Date "2020.11.29"]
[Round "2.5"]
[White "Nilssen, Ellen Fredericia"]
[Black "Haubro, Martin"]
[Result "0-1"]
[WhiteElo "2174"]
[BlackElo "2434"]
[Annotator "TA"]
[PlyCount "91"]
[EventDate "2020.11.29"]
[EventType "tourn"]
[EventCountry "DEN"]
[SourceTitle "playchess.com"]
[Source "ChessBase"]
[SourceQuality "1"]

{[%evp 14,91,25,20,55,31,47,16,21,-28,-29,-42,-29,-30,-30,-30,-37,-29,-35,-40,-33,-43,-36,-59,-37,-29,2,-3,63,0,85,86,78,76,89,-264,-260,-291,-263,-351,-376,-439,-431,-439,-426,-491,-483,-469,0,0,0,0,0,0,0,0,0,0,0,0,0,-216,-132,-198,-185,-168,-172,-164,-171,-165,-153,-159,-158,-150,-145,-180,-199,-187,-201,-502]} 1. d4 f5 2. c4 Nf6 3. Nf3 g6 4. g3 Bg7 5. Bg2 O-O 6. O-O d6 7. b3 c6 8. Bb2 Nh5 {A87: Dutch Defence: Leningrad System: 5 Nf3.} 9. e3 Nd7 {[#]} 10. Ng5 $146 ({Predecessor:} 10. Qc2 Ndf6 11. Nc3 Ne4 12. d5 Bxc3 13. Bxc3 cxd5 14. cxd5 Bd7 15. Rac1 Rc8 16. Qb2 Rxc3 17. Rxc3 Nxc3 18. Qxc3 {½-½ (38) Zwingel,S (1950)-Finster,M (2115) Nuremberg 2010}) 10... Nb6 {The position is equal.} 11. Qc2 e5 12. f4 {[%cal Rd4e5]} h6 13. Nf3 {[%cal Rd4e5]} e4 14. Nfd2 Be6 15. Nc3 d5 {[%cal Rd5c4]} 16. cxd5 cxd5 17. Rac1 Nf6 18. a4 g5 19. Bh3 gxf4 (19... g4 $5 {[%cal Rg4h3]} 20. Bg2 Rc8 $11) 20. Rxf4 Nh5 (20... Ng4 $11) 21. Rh4 (21. Rf2 $14) 21... Bf7 (21... Qg5 $11 {remains equal.} 22. Nf1 a6) 22. Ba3 $16 (22. Bxf5 Qg5 $17) 22... Re8 23. Qd1 (23. Bxf5 Qg5 $15) 23... Qg5 24. Qe2 $2 {[%mdl 8192] [#]} (24. Nf1 $1 $16) 24... Nxg3 $1 $19 {[%mdl 512]} 25. hxg3 Qxg3+ 26. Qg2 Qxh4 27. Nb5 Kh8 {And now ...Rg8 would win.} 28. Nd6 Be6 29. Bxf5 {[#]} Bxd4 $1 30. Rc7 {[%csl Gf5][%cal Rc7h7]} ({Don't go for} 30. exd4 $2 Rg8 $1 {[%mdl 512]}) 30... Qe1+ $2 ({Not} 30... Bxe3+ 31. Kf1 $19) ({Black should play} 30... Re7 $19 31. Rxe7 Qxe7) 31. Nf1 $11 {[%csl Gf5][%cal Rc7h7]} Bxe3+ 32. Kh1 {[%csl Gf5][%cal Rc7h7]} Qh4+ 33. Nh2 {[%csl Gf5][%cal Rc7h7]} Qe1+ 34. Nf1 {[%csl Gf5][%cal Rc7h7]} Qh4+ 35. Nh2 {[%csl Gf5][%cal Rc7h7]} Re7 36. Rxe7 Qxe7 37. Qg3 $2 (37. Qh3 $1 $11 {and White is okay.} Qg7 38. Qxe3) 37... Bd4 {Black is clearly better.} 38. Qg6 {[#]} (38. Nb5 $17 {is a better defense.} Qg7 39. Qxg7+ Kxg7 40. Bxe6) 38... Qg7 $1 $19 {[%cal Rg7g6]} 39. Qxg7+ Kxg7 40. Bxe6 Kf6 41. Bh3 h5 {Threatens to win with ...Rg8.} 42. Nf5 Bc3 43. Nf1 Re8 44. N1g3 e3 {Strongly threatening ...e2.} 45. Nd6 Re5 {aiming for ...e2.} 46. Nb5 $2 {Weighted Error Value: White=0.43/Black=0.26} (46. Bf1) 0-1